Las agroindustrias en América Latina
Na minha lista:
| Autor Corporativo: | |
|---|---|
| Formato: | Texto |
| Publicado em: |
Heredia :
|
| Tags: |
Adicionar Tag
Sem tags, seja o primeiro a adicionar uma tag!
|
MARC
| LEADER | 00000 a a2200000 04500 | ||
|---|---|---|---|
| 001 | 15623 | ||
| 003 | |||
| 040 | |a CRAI/IIS |c CRAI/IIS | ||
| 090 | |a 019900 | ||
| 110 | |a North American Congress on Latin America | ||
| 245 | |a Las agroindustrias en América Latina | ||
| 260 | |a Heredia : | ||
| 300 | |a 10 p. | ||
| 999 | |c 3180 |d 3180 | ||
